01165nam a2200193Ia 4500001001100000003001000011008004100021040002500062041001300087100002400100245003800124250001100162260008500173300002700258500026400285501011400549520026400663650004400927L247-14305IT-CnALBA170116s9999||||xx |||||||||||||| ||und|| aIT-CnALBAcIT-CnALBA aITALIANO aRICCI GIULIO, MONS. 0aL'UOMO DELLA SINDONE È GESÙ.  a2a ed. aASSISI (PG)bPORZIUNCOLA EDIZIONIc1969 [1° Ed.:1966 - Ed.Ling.Originale: 1966] a477 p. (prefazione: 5) aSINDONOLOGIA, OGGI. ARCHEOLOGIA. MEDICINA E CHIRURGIA. VANGELI. PADRI. PILATO E LA CONDANNA DI GESÙ. TECNICA DELLA FLAGELLAZIONE E DELLA CROCIFISSIONE. CORONAZIONE DI SPINE. VIA CRUCIS. SEPOLTURA DI GESÙ. LE DONNE CON GLI AROMI. STATURA DELL'UOMO DELLA SI aSocietà San Paolo EM - Piazza San Paolo, 14 - 12051 ALBA (CN) (non commercial uses only) ® Copyright 2017 aSINDONOLOGIA, OGGI. ARCHEOLOGIA. MEDICINA E CHIRURGIA. VANGELI. PADRI. PILATO E LA CONDANNA DI GESÙ. TECNICA DELLA FLAGELLAZIONE E DELLA CROCIFISSIONE. CORONAZIONE DI SPINE. VIA CRUCIS. SEPOLTURA DI GESÙ. LE DONNE CON GLI AROMI. STATURA DELL'UOMO DELLA SI aOGGETTI D'ARTE RELIGIOSA - ARREDI SACRI